<?xml version="1.0" encoding="UTF-8"?>
<record
    xmlns:xsi="http://www.w3.org/2001/XMLSchema-instance"
    xsi:schemaLocation="http://www.loc.gov/MARC21/slim http://www.loc.gov/standards/marcxml/schema/MARC21slim.xsd"
    xmlns="http://www.loc.gov/MARC21/slim">

  <leader>02068nam a2200289Ia 4500</leader>
  <controlfield tag="001">E9369</controlfield>
  <controlfield tag="003">IT-RoPAU</controlfield>
  <controlfield tag="008">130308s9999    xx            000 0 und d</controlfield>
  <datafield tag="040" ind1=" " ind2=" ">
    <subfield code="a">IT-RoPAU</subfield>
  </datafield>
  <datafield tag="040" ind1=" " ind2=" ">
    <subfield code="c">IT-RoPAU</subfield>
  </datafield>
  <datafield tag="041" ind1=" " ind2=" ">
    <subfield code="a">ITALIANO</subfield>
  </datafield>
  <datafield tag="100" ind1=" " ind2=" ">
    <subfield code="a">Rigotti Francesca</subfield>
  </datafield>
  <datafield tag="100" ind1=" " ind2=" ">
    <subfield code="g">Codice Aut. SPICS: 49982</subfield>
  </datafield>
  <datafield tag="245" ind1=" " ind2=" ">
    <subfield code="a">Verit&#xE0; retorica  (La). Etica, conoscenza e persuasione</subfield>
  </datafield>
  <datafield tag="245" ind1=" " ind2=" ">
    <subfield code="b">Verita' Retorica (La). Etica, Conoscenza e Persuasione</subfield>
  </datafield>
  <datafield tag="250" ind1=" " ind2=" ">
    <subfield code="a">1a ed.</subfield>
  </datafield>
  <datafield tag="260" ind1=" " ind2=" ">
    <subfield code="a">MILANO</subfield>
  </datafield>
  <datafield tag="260" ind1=" " ind2=" ">
    <subfield code="b">Feltrinelli</subfield>
  </datafield>
  <datafield tag="260" ind1=" " ind2=" ">
    <subfield code="c">1995 [1&#xB0; Ed.:1995 - Ed.Ling.Originale:1995]</subfield>
  </datafield>
  <datafield tag="300" ind1=" " ind2=" ">
    <subfield code="a">"160 p. (prefazione: no ; testo: 160)"</subfield>
  </datafield>
  <datafield tag="500" ind1=" " ind2=" ">
    <subfield code="a">Ontologia della Retorica: Definizione della Retorica,Retorica e Violenza, piacere e Stupore. Morte e Trasfigurazione della Retorica: Retorica e Filosofia, Svolta Linguistica, riabilitazione della Filosofia Pratica, Problema Perelman. Dimostrazione e Argomentazione Metaforicamente Considerate: Evidenza e Consenso, Evidenza e Dimostrazione, consenso e Argomentazione, Convinzione e Persuasione. Verit&#xE0; e Retorica: Problema dell'Evidenza, Verit&#xE0; e Comunicazione, Retorica degli Antiretorici, Ermeneutica e Retorica. Etica Eretorica: Filosofia Pura e Filosofia Pratica, Argomento Ad Hominem, pluralismo e Retorica. Etica e Metafore: Metafora nella Teoria Etica, metafore del vero del Bene e del Giusto. sole Come Metafora della Giustizia: Coincidenza tra sole Luce e Fuoco, Metafisica della Luce, Luce Come Metafora della Conoscenza e Dellla Verit&#xE0;, Coincidenza concettuale ed Etimologica di Verit&#xE0; e Giustizia, Tradizione Ebraica, sole della Giustizia nella Cultura Greca, paradigma Solare nella dottrina Cristiana, Cristo sole della Giustizia, sole della Giustizia di Durer. Retorica Applicata All'Etica: Parti e Generidella Retorica, Metafora nella Teoria Etica, Metafora del pensiero  Contemporaneo, Teoria della Giustizia e Sue Metafore, Etica del Discorso e Sue Metafore. Bibliografia.</subfield>
  </datafield>
  <datafield tag="650" ind1=" " ind2=" ">
    <subfield code="a">EPISTEMOLOGIA</subfield>
  </datafield>
  <datafield tag="650" ind1=" " ind2=" ">
    <subfield code="e">Codice materia Spics: 3051</subfield>
  </datafield>
  <datafield tag="942" ind1=" " ind2=" ">
    <subfield code="c">BK</subfield>
  </datafield>
  <datafield tag="957" ind1=" " ind2=" ">
    <subfield code="7">1</subfield>
  </datafield>
  <datafield tag="999" ind1=" " ind2=" ">
    <subfield code="c">87729</subfield>
    <subfield code="d">87729</subfield>
  </datafield>
  <datafield tag="999" ind1=" " ind2=" ">
    <subfield code="g">1</subfield>
  </datafield>
  <datafield tag="952" ind1=" " ind2=" ">
    <subfield code="0">0</subfield>
    <subfield code="1">0</subfield>
    <subfield code="4">0</subfield>
    <subfield code="6">E_000000000000000_9369</subfield>
    <subfield code="7">1</subfield>
    <subfield code="a">SPICS</subfield>
    <subfield code="b">SPICS</subfield>
    <subfield code="d">2013-03-08</subfield>
    <subfield code="l">0</subfield>
    <subfield code="o">E9369</subfield>
    <subfield code="r">2013-03-08 00:00:00</subfield>
    <subfield code="w">2013-03-08</subfield>
    <subfield code="y">BK</subfield>
    <subfield code="z">Progressivo inserimento:  1725 /  N. Volumi: 1 Copie: 1  / data import: 1 marzo 2013 - By Epidotti, Trombetti, Vaglietti. </subfield>
  </datafield>
</record>
